|
|
|
|
| LEADER |
00868naa a2200193 i 4500 |
| 001 |
misc70753 |
| 005 |
20220112142426.0 |
| 008 |
220112s1936 hu o 0|| hun d |
| 040 |
|
|
|a SZTE Miscellanea Repozitórium
|b hun
|
| 041 |
|
|
|a hun
|
| 100 |
1 |
|
|a Péczely László
|
| 245 |
1 |
2 |
|a A magyar huszár a világháborúban, 1914-1918
|h [elektronikus dokumentum] :
|b a világháború előzményei /
|c Péczely László
|
| 260 |
|
|
|c 1936
|
| 300 |
|
|
|a 185
|
| 490 |
0 |
|
|a A magyar huszár : a magyar lovaskatona ezer évének története
|
| 650 |
|
4 |
|a Bölcsészettudományok
|
| 650 |
|
4 |
|a Történettudomány és régészet
|
| 695 |
|
|
|a Lovasság - magyar - 20 sz., Huszárok - Magyarország - története - 20. sz., Hadtörténet - Magyarország - 20. sz., Világháború - 1. - 1914-1918
|
| 856 |
4 |
0 |
|u http://misc.bibl.u-szeged.hu/70753/1/magyar_huszar_1936_185.pdf
|z Dokumentum-elérés
|